Normal view
MARC view
- Environmental geology.
Entry Topical Term
001 - CONTROL NUMBER
- control field: 2086
003 - CONTROL NUMBER IDENTIFIER
- control field: NUST
005 - DATE AND TIME OF LATEST TRANSACTION
- control field: 20170606125526.0
008 - FIXED-LENGTH DATA ELEMENTS
- fixed length control field: 170606|| aca||aabn | a|a d
040 ## - CATALOGING SOURCE
- Original cataloging agency: NUST
- Transcribing agency: NUST
150 ## - HEADING--TOPICAL TERM
- Topical term or geographic name entry element: Environmental geology.
670 ## - SOURCE DATA FOUND
- Source citation: Work cat.: (NUST)0: McConnell, Robert L. 2085, Environmental geology today /, c2015.
